000 00573nam a22001697a 4500
005 20251108164020.0
008 250721s2001 xx 000 0 ara d
082 1 4 _a345/نجم
100 1 _aنجم، محمد صبحي محمد
245 1 0 _aرضاء المجني عليه و أثره على المسؤولية الجنائية :
_bدراسة مقارنة /
264 1 _aعمان :
_bدار الثقافة،
_c2001.
300 _a339ص
650 1 7 _aالقانون الجنائي
650 1 7 _aالإجراءات القانونية
942 _2ddc
_cBK
999 _c1490
_d1490